| 000 | 00590nam a22001937a 4500 | ||
|---|---|---|---|
| 005 | 20210427065217.0 | ||
| 008 | 210304s1971 ||||| |||| 00| 0 eng d | ||
| 040 |
_aeng _cDLC |
||
| 041 | _aeng | ||
| 082 |
_a61 _bW-68 |
||
| 110 |
_91234 _aEmory University |
||
| 245 |
_aMedicine at Emory 1971 / Vol. 9, No. 1 _c/ by: Emory University School of Medicine |
||
| 260 |
_aAtlanta, Georgia _bEmory University School of Medicine _c1971 |
||
| 300 |
_a37 p. _bill, |
||
| 650 | 0 |
_969 _aMedicine |
|
| 653 | _aმედიცინა | ||
| 700 |
_91235 _aWilhelmi, E. Alfred _eEditor |
||
| 942 |
_2udc _cMP |
||
| 999 |
_c1893 _d1893 |
||